• 首页
  • 本馆介绍
  • 公告通知
  • 最新文献
  • 馆藏检索
  • 电子资源
  • 读者导购
  • 参考咨询
  • 我的图书馆
  • 登录
  • 详细信息显示
  • 放入我的书架
  • 预约/预借图书
  • 作者相关作品
  • 分类相关作品
  • 丛书相关作品
  • 出版社相关作品

书目信息

  • 表格格式
  • 工作单格式
  • 卡片格式
题名:
图解太极拳养生大全
    
 
作者: ;国医编委会 主编
分册:  
出版信息: 哈尔滨   黑龙江科学技术出版社  2014
页数: 370页
开本: 26cm
丛书名:
单 册:
中图分类: G852.11-64 , R212-64
科图分类:
主题词: 太极拳--tai ji quan--养生(中医)--图解
电子资源:
ISBN: 978-7-5388-7814-1
000 01055nam0 2200277 45
001 012001000481
005 20131106101909.0
010    @a978-7-5388-7814-1@dCNY69.00
099    @aCAL 012015007894
100    @a20140830d2014 em y0chiy50 ea
101 0  @achi
102    @aCN@b230000
105    @aa z 000yy
106    @ar
200 1  @a图解太极拳养生大全@Atu jie tai ji quan yang sheng da quan@f《国医编委会》主编
210    @a哈尔滨@c黑龙江科学技术出版社@d2014
215    @a370页@c图@d26cm
330    @a本书是由中国原国家体委统一组织编排的太极拳国际标准竞赛套路, 动作柔和缓慢、圆活连贯、易学易练, 备受太极拳爱好者青睐, 是最普及的太极拳套路, 也是全球太极拳爱好者所推崇的入门教材。书中配有详细的图解, 方便读者阅读。
333    @a太极拳爱好者
517 1  @a太极拳养生大全@Atai ji quan yang sheng da quan
606 0  @a太极拳@Atai ji quan@x养生(中医)@j图解
690    @aG852.11-64@v5
690    @aR212-64@v5
711 02 @a国医编委会@Aguo yi bian wei hui@4主编
801  0 @aCN@b北京卓展文化@c20191020
905    @b1196232-5@dG852.11-64@e487@f4
    
    图解太极拳养生大全/《国医编委会》主编.-哈尔滨:黑龙江科学技术出版社,2014
    370页:图;26cm
    使用对象:太极拳爱好者
    
    ISBN 978-7-5388-7814-1:CNY69.00
    本书是由中国原国家体委统一组织编排的太极拳国际标准竞赛套路, 动作柔和缓慢、圆活连贯、易学易练, 备受太极拳爱好者青睐, 是最普及的太极拳套路, 也是全球太极拳爱好者所推崇的入门教材。书中配有详细的图解, 方便读者阅读。
●
相关链接 在E读中查询图书 在五车中查询图书 在当当中查询图书 在豆瓣中查询图书


正题名:图解太极拳养生大全     索取号:G852.11-64/487         预约/预借

序号 登录号 条形码 馆藏地/架位号 状态 备注
1 1196232   211962321   第一样本阅览室/ [索取号:G852.11-64/487] 在馆    
2 1196233   211962330   第四借阅区/ [索取号:G852.11-64/487] 在馆    
3 1196234   211962349   第四借阅区/ [索取号:G852.11-64/487] 在馆    
4 1196235   211962358   第四借阅区/ [索取号:G852.11-64/487] 在馆    
唐山师范学院图书馆 欢迎您!
大连网信软件有限公司© 版权所有